00393cam a2200157ua 45000010005000000080039000050400009000440820013000531000020000662450039000862500009001252600046001343000016001806530018001966530021002144085111214n ii |||gr||||Z||||||asm cMAIN a891.45111 aTamulee, Gupee,11aPaidya apodiya-4cby Gupee Tamulee a1st. aDuliajan:bPrangon prayag tamulee,c2009. a77p:c23cm. aAssamese poem aPaidya apodiya-4